La ilusión vital / (Record no. 109592)
[ view plain ]
| 000 -LEADER | |
|---|---|
| fixed length control field | 00750nam a22002417a 4500 |
| 005 - DATE AND TIME OF LATEST TRANSACTION | |
| control field | 20230316191556.0 |
| 008 - FIXED-LENGTH DATA ELEMENTS--GENERAL INFORMATION | |
| fixed length control field | 151127b sp ||||| |||| 00| 0 spa d |
| 020 ## - INTERNATIONAL STANDARD BOOK NUMBER | |
| International Standard Book Number | 8432310840 |
| 050 04 - LIBRARY OF CONGRESS CALL NUMBER | |
| Classification number | BD331 |
| Item number | B38 2002 |
| 100 1# - MAIN ENTRY--PERSONAL NAME | |
| Personal name | Baudrillard, Jean, |
| Dates associated with a name | 1929- |
| 240 14 - UNIFORM TITLE | |
| Uniform title | The Vital Ilusion. |
| Language of a work | Español. |
| 245 13 - TITLE STATEMENT | |
| Title | La ilusión vital / |
| Remainder of title | Jean Baudrillard ; traducción de Alberto Jiménez Rioja ; revisión técnica Gustavo Dessal. |
| 250 ## - EDITION STATEMENT | |
| Edition statement | 1a ed. |
| 260 ## - PUBLICATION, DISTRIBUTION, ETC. (IMPRINT) | |
| Place of publication, distribution, etc | Madrid : |
| Name of publisher, distributor, etc | Siglo XXI, |
| Date of publication, distribution, etc | 2002 |
| 300 ## - PHYSICAL DESCRIPTION | |
| Extent | 86 p. ; |
| Dimensions | 21 cm. |
| 490 0# - SERIES STATEMENT | |
| Series statement | Teoría. |
| 504 ## - BIBLIOGRAPHY, ETC. NOTE | |
| Bibliography, etc | Incluye índice. |
| 650 #7 - SUBJECT ADDED ENTRY--TOPICAL TERM | |
| Source of heading or term | lemb |
| Topical term or geographic name as entry element | Realidad |
| 650 #7 - SUBJECT ADDED ENTRY--TOPICAL TERM | |
| Source of heading or term | lemb |
| Topical term or geographic name as entry element | Realidad virtual |
| 650 #7 - SUBJECT ADDED ENTRY--TOPICAL TERM | |
| Source of heading or term | lemb |
| Topical term or geographic name as entry element | Clonación |
| 700 1# - ADDED ENTRY--PERSONAL NAME | |
| Personal name | Jiménez Rioja, Alberto, |
| Relator term | tr. |
| 942 ## - ADDED ENTRY ELEMENTS (KOHA) | |
| Source of classification or shelving scheme | Biblioteca del Cogreso de los Estados Unidos |
| Koha item type | Libro |
| Estado de pérdida | Fuente de clasificación | Estado del daño | No para préstamo | Ubicación permanente | Ubicación actual | Apartado o colección | Fecha de adquisición | Edición | Dependencia de educación superior (DES) | Área del conocimiento | Clasificación | Código de Barras | Date last seen | Número de copia | Costo por reposición | Tipo de recurso | Fuente de adquisición | Total Checkouts |
|---|---|---|---|---|---|---|---|---|---|---|---|---|---|---|---|---|---|---|
| Biblioteca del Cogreso de los Estados Unidos | Biblioteca de la Facultad de Bellas Artes | Biblioteca de la Facultad de Bellas Artes | General | 20/05/2019 | 1a ed. | Educación y Humanidades | BD331 B38 2002 | BBA000002320 | 20/05/2019 | 1 | Libro | Unidad Académica | ||||||
| Biblioteca del Cogreso de los Estados Unidos | Biblioteca de la Facultad de Filosofía | Biblioteca de la Facultad de Filosofía | General | 27/11/2015 | 1a ed. | Humanidades | Educación y Humanidades | BD331 B38 2002 | BFF000014469 | 27/11/2015 | C:1 | 1.00 | Libro | |||||
| Biblioteca del Cogreso de los Estados Unidos | Biblioteca de la Facultad de Filosofía | Biblioteca de la Facultad de Filosofía | General | 16/03/2023 | 1a ed. | Humanidades | Educación y Humanidades | BD331 B38 2002 | BFF000039300 | 16/03/2023 | C:2 | 1.00 | Libro | Donación | ||||
| Biblioteca del Cogreso de los Estados Unidos | Biblioteca de la Facultad de Filosofía | Biblioteca de la Facultad de Filosofía | General | 22/09/2023 | 1a ed. | Humanidades | Educación y Humanidades | BD331 B38 2002 | BFF000040303 | 22/09/2023 | C:3 | 1.00 | Libro | Donación |